| 000 | 01351cam a2200325Ma 4500 | ||
|---|---|---|---|
| 001 | howtoauditforbig00cona | ||
| 003 | CaSfIA | ||
| 005 | 20210118101149.0 | ||
| 007 | cr|||| | ||
| 008 | 910715s1988 nbu 001 0 eng d | ||
| 010 | _a 87038507 | ||
| 040 |
_aNYP _cNYP _dOCLCG _dCaSfIA |
||
| 020 | _z0945361009 | ||
| 035 | _a(OCoLC)78345406 | ||
| 050 | 0 |
_aHF5667 _b.C5858 1987 |
|
| 082 | 0 |
_a657/.45 _219 |
|
| 100 | 1 |
_aConant, James S., _d1958- |
|
| 245 | 1 | 0 |
_aHow to audit for the Big 8 CPA / _h[electronic resource] _cJames S. Conant, Sharon E. Appleby. |
| 260 |
_aBoys town, Ne. : _bAmerican Pub. Institute, _cc1988. |
||
| 263 | _a8802 | ||
| 300 |
_aviii, 247 p. ; _c18 cm. |
||
| 500 | _aIncludes index. | ||
| 650 | 0 | _aAuditing. | |
| 700 | 1 |
_aAppleby, Sharon E., _d1955- |
|
| 856 | 4 | 1 |
_uhttp://www.archive.org/details/howtoauditforbig00cona _zFree eBook from the Internet Archive |
| 856 | 4 | 2 |
_uhttp://www.openlibrary.org/books/OL24369412M _zAdditional information and access via Open Library |
| 942 | _cEB | ||
| 506 | _fНеобхідна авторизація на https://archive.org/ (створення облікового запису безкоштовно) | ||
| 506 | _fНеобхідна авторизація на https://openlibrary.org/ (створення облікового запису безкоштовно) | ||
| 999 |
_c508417 _d508417 |
||